00854 2200193 4500245007400000020002200074250001100096100002100107700001900128650002700147650002300174005001900197260003500216041001400251084000800265300002700273500035100300336000900651 aKamus Lengkap Komputer dan Teknik InformatikacTim Panca AksarahText a978-602-6559-25-8 aCet. 1 aTim Panca Aksara aBayu Kurniawan aKamus Lengkap Komputer aTeknik Informatika a20240124101051 aYogyakartabIndoliterasic2023 aIndonesia a004 aiv, 360 hlm. :c20 cm. aKamus ini disusun kepada praktisi, pelajar maupun masyarakat umum yang memiliki minat untuk berkecimpung dalam bidang teknik. Dunia teknik memiliki banyak istilah yang biasa digunakan dalam komunikasi sehari-hari. Diharapkan kamus ini menjadi jembatan penghubung yang mampu membantu para praktisi dan pelajar khususnya yang mendalami ilmu teknik. atext